<?xml version="1.0" encoding="UTF-8"?>
<record
    xmlns:xsi="http://www.w3.org/2001/XMLSchema-instance"
    xsi:schemaLocation="http://www.loc.gov/MARC21/slim http://www.loc.gov/standards/marcxml/schema/MARC21slim.xsd"
    xmlns="http://www.loc.gov/MARC21/slim">

  <leader>02207    a2200241   4500</leader>
  <controlfield tag="005">20260506123320.0</controlfield>
  <controlfield tag="008">260506b        |||||||| |||| 00| 0 eng d</controlfield>
  <datafield tag="020" ind1=" " ind2=" ">
    <subfield code="a">9789354439841</subfield>
  </datafield>
  <datafield tag="040" ind1=" " ind2=" ">
    <subfield code="a">CSL</subfield>
    <subfield code="c">CSL</subfield>
  </datafield>
  <datafield tag="041" ind1=" " ind2=" ">
    <subfield code="2">eng</subfield>
    <subfield code="a">eng</subfield>
  </datafield>
  <datafield tag="084" ind1=" " ind2=" ">
    <subfield code="a">D65,8(B) R5-;9</subfield>
    <subfield code="q">CSL</subfield>
  </datafield>
  <datafield tag="100" ind1=" " ind2=" ">
    <subfield code="a">Rakshit, Pranit</subfield>
    <subfield code="9">1232058</subfield>
    <subfield code="e">author</subfield>
  </datafield>
  <datafield tag="245" ind1=" " ind2=" ">
    <subfield code="a">Deep learning</subfield>
  </datafield>
  <datafield tag="260" ind1=" " ind2=" ">
    <subfield code="a">Noida :</subfield>
    <subfield code="b">PHI Learning,</subfield>
    <subfield code="c">2025.</subfield>
  </datafield>
  <datafield tag="300" ind1=" " ind2=" ">
    <subfield code="a">xv, 290p.</subfield>
    <subfield code="b">: ill.</subfield>
    <subfield code="c">; 23 cm.</subfield>
  </datafield>
  <datafield tag="500" ind1=" " ind2=" ">
    <subfield code="a">Includes references and index</subfield>
  </datafield>
  <datafield tag="520" ind1=" " ind2=" ">
    <subfield code="a">This book is an insightful and comprehensive guide on Deep Learning that delves into the evolving world of artificial intelligence. With the exponential growth of data and increasing computational power, deep learning has emerged as a transformative force across industries such as healthcare, finance, transportation, media, and education. This book serves as a bridge between theory and real-world applications in diverse domains like medical image analysis, autonomous navigation, smart cities, chatbots, translation systems, and fraud detection.Starting with a historical overview of artificial intelligence and the evolution of neural networks, the book guides readers through the core principles of deep learning. It explains key concepts such as artificial neural networks, convolutional and recurrent architectures, and optimization algorithms with clarity and depth. In addition to the technical content, the book emphasizes important themes such as explainability, fairness, ethics, and responsible AI practices, addressing challenges that modern AI developers face today. It also explores emerging areas like federated learning, neuromorphic computing, and quantum AI, offering readers a glimpse into the future of deep learning research.Undergraduate students of Computer Science and Engineering will find the book handy for its balanced coverage of theoretical concepts, practical tools, cutting-edge innovations, and syllabus aligned topics.</subfield>
  </datafield>
  <datafield tag="650" ind1=" " ind2=" ">
    <subfield code="a">Machine learning</subfield>
    <subfield code="9">1238630</subfield>
  </datafield>
  <datafield tag="650" ind1=" " ind2=" ">
    <subfield code="a">Training deep neural networks</subfield>
    <subfield code="9">1238631</subfield>
  </datafield>
  <datafield tag="650" ind1=" " ind2=" ">
    <subfield code="a">Transfer learning</subfield>
    <subfield code="9">1238632</subfield>
  </datafield>
  <datafield tag="650" ind1=" " ind2=" ">
    <subfield code="a">Deep generative models</subfield>
    <subfield code="9">1238633</subfield>
  </datafield>
  <datafield tag="942" ind1=" " ind2=" ">
    <subfield code="c">TEXL</subfield>
    <subfield code="2">CC</subfield>
    <subfield code="h">D65,8(B) R5-;9</subfield>
  </datafield>
  <datafield tag="999" ind1=" " ind2=" ">
    <subfield code="c">1843630</subfield>
    <subfield code="d">1843630</subfield>
  </datafield>
  <datafield tag="952" ind1=" " ind2=" ">
    <subfield code="0">0</subfield>
    <subfield code="1">0</subfield>
    <subfield code="2">CC</subfield>
    <subfield code="4">0</subfield>
    <subfield code="7">0</subfield>
    <subfield code="a">FTL</subfield>
    <subfield code="b">CSL</subfield>
    <subfield code="d">2026-04-13</subfield>
    <subfield code="e">115</subfield>
    <subfield code="g">500.00</subfield>
    <subfield code="l">0</subfield>
    <subfield code="o">D65,8(B) R5</subfield>
    <subfield code="p">FT1793552</subfield>
    <subfield code="r">2026-04-13 00:00:00</subfield>
    <subfield code="v">625.00</subfield>
    <subfield code="w">2026-04-13</subfield>
    <subfield code="y">TEXL</subfield>
  </datafield>
  <datafield tag="952" ind1=" " ind2=" ">
    <subfield code="0">0</subfield>
    <subfield code="1">0</subfield>
    <subfield code="2">CC</subfield>
    <subfield code="4">0</subfield>
    <subfield code="7">0</subfield>
    <subfield code="a">FTL</subfield>
    <subfield code="b">CSL</subfield>
    <subfield code="d">2026-04-13</subfield>
    <subfield code="e">115</subfield>
    <subfield code="g">500.00</subfield>
    <subfield code="l">0</subfield>
    <subfield code="o">D65,8(B) R5;1</subfield>
    <subfield code="p">FT1793553</subfield>
    <subfield code="r">2026-04-13 00:00:00</subfield>
    <subfield code="v">625.00</subfield>
    <subfield code="w">2026-04-13</subfield>
    <subfield code="y">TEXL</subfield>
  </datafield>
  <datafield tag="952" ind1=" " ind2=" ">
    <subfield code="0">0</subfield>
    <subfield code="1">0</subfield>
    <subfield code="2">CC</subfield>
    <subfield code="4">0</subfield>
    <subfield code="7">0</subfield>
    <subfield code="a">FTL</subfield>
    <subfield code="b">CSL</subfield>
    <subfield code="d">2026-04-13</subfield>
    <subfield code="e">115</subfield>
    <subfield code="g">500.00</subfield>
    <subfield code="l">0</subfield>
    <subfield code="o">D65,8(B) R5;2</subfield>
    <subfield code="p">FT1793554</subfield>
    <subfield code="r">2026-04-13 00:00:00</subfield>
    <subfield code="v">625.00</subfield>
    <subfield code="w">2026-04-13</subfield>
    <subfield code="y">TEXL</subfield>
  </datafield>
  <datafield tag="952" ind1=" " ind2=" ">
    <subfield code="0">0</subfield>
    <subfield code="1">0</subfield>
    <subfield code="2">CC</subfield>
    <subfield code="4">0</subfield>
    <subfield code="7">0</subfield>
    <subfield code="a">FTL</subfield>
    <subfield code="b">CSL</subfield>
    <subfield code="d">2026-04-13</subfield>
    <subfield code="e">115</subfield>
    <subfield code="g">500.00</subfield>
    <subfield code="l">0</subfield>
    <subfield code="o">D65,8(B) R5;3</subfield>
    <subfield code="p">FT1793555</subfield>
    <subfield code="r">2026-04-13 00:00:00</subfield>
    <subfield code="v">625.00</subfield>
    <subfield code="w">2026-04-13</subfield>
    <subfield code="y">TEXL</subfield>
  </datafield>
  <datafield tag="952" ind1=" " ind2=" ">
    <subfield code="0">0</subfield>
    <subfield code="1">0</subfield>
    <subfield code="2">CC</subfield>
    <subfield code="4">0</subfield>
    <subfield code="7">0</subfield>
    <subfield code="a">FTL</subfield>
    <subfield code="b">CSL</subfield>
    <subfield code="d">2026-04-13</subfield>
    <subfield code="e">115</subfield>
    <subfield code="g">500.00</subfield>
    <subfield code="l">0</subfield>
    <subfield code="o">D65,8(B) R5;4</subfield>
    <subfield code="p">FT1793556</subfield>
    <subfield code="r">2026-04-13 00:00:00</subfield>
    <subfield code="v">625.00</subfield>
    <subfield code="w">2026-04-13</subfield>
    <subfield code="y">TEXL</subfield>
  </datafield>
  <datafield tag="952" ind1=" " ind2=" ">
    <subfield code="0">0</subfield>
    <subfield code="1">0</subfield>
    <subfield code="2">CC</subfield>
    <subfield code="4">0</subfield>
    <subfield code="7">0</subfield>
    <subfield code="a">FTL</subfield>
    <subfield code="b">CSL</subfield>
    <subfield code="d">2026-04-13</subfield>
    <subfield code="e">115</subfield>
    <subfield code="g">500.00</subfield>
    <subfield code="l">0</subfield>
    <subfield code="o">D65,8(B) R5;5</subfield>
    <subfield code="p">FT1793557</subfield>
    <subfield code="r">2026-04-13 00:00:00</subfield>
    <subfield code="v">625.00</subfield>
    <subfield code="w">2026-04-13</subfield>
    <subfield code="y">TEXL</subfield>
  </datafield>
  <datafield tag="952" ind1=" " ind2=" ">
    <subfield code="0">0</subfield>
    <subfield code="1">0</subfield>
    <subfield code="2">CC</subfield>
    <subfield code="4">0</subfield>
    <subfield code="7">0</subfield>
    <subfield code="a">FTL</subfield>
    <subfield code="b">CSL</subfield>
    <subfield code="d">2026-04-13</subfield>
    <subfield code="e">115</subfield>
    <subfield code="g">500.00</subfield>
    <subfield code="l">0</subfield>
    <subfield code="o">D65,8(B) R5;6</subfield>
    <subfield code="p">FT1793558</subfield>
    <subfield code="r">2026-04-13 00:00:00</subfield>
    <subfield code="v">625.00</subfield>
    <subfield code="w">2026-04-13</subfield>
    <subfield code="y">TEXL</subfield>
  </datafield>
  <datafield tag="952" ind1=" " ind2=" ">
    <subfield code="0">0</subfield>
    <subfield code="1">0</subfield>
    <subfield code="2">CC</subfield>
    <subfield code="4">0</subfield>
    <subfield code="7">0</subfield>
    <subfield code="a">FTL</subfield>
    <subfield code="b">CSL</subfield>
    <subfield code="d">2026-04-13</subfield>
    <subfield code="e">115</subfield>
    <subfield code="g">500.00</subfield>
    <subfield code="l">0</subfield>
    <subfield code="o">D65,8(B) R5;7</subfield>
    <subfield code="p">FT1793559</subfield>
    <subfield code="r">2026-04-13 00:00:00</subfield>
    <subfield code="v">625.00</subfield>
    <subfield code="w">2026-04-13</subfield>
    <subfield code="y">TEXL</subfield>
  </datafield>
  <datafield tag="952" ind1=" " ind2=" ">
    <subfield code="0">0</subfield>
    <subfield code="1">0</subfield>
    <subfield code="2">CC</subfield>
    <subfield code="4">0</subfield>
    <subfield code="7">0</subfield>
    <subfield code="a">FTL</subfield>
    <subfield code="b">CSL</subfield>
    <subfield code="d">2026-04-13</subfield>
    <subfield code="e">115</subfield>
    <subfield code="g">500.00</subfield>
    <subfield code="l">0</subfield>
    <subfield code="o">D65,8(B) R5;8</subfield>
    <subfield code="p">FT1793560</subfield>
    <subfield code="r">2026-04-13 00:00:00</subfield>
    <subfield code="v">625.00</subfield>
    <subfield code="w">2026-04-13</subfield>
    <subfield code="y">TEXL</subfield>
  </datafield>
  <datafield tag="952" ind1=" " ind2=" ">
    <subfield code="0">0</subfield>
    <subfield code="1">0</subfield>
    <subfield code="2">CC</subfield>
    <subfield code="4">0</subfield>
    <subfield code="7">0</subfield>
    <subfield code="a">FTL</subfield>
    <subfield code="b">CSL</subfield>
    <subfield code="d">2026-04-13</subfield>
    <subfield code="e">115</subfield>
    <subfield code="g">500.00</subfield>
    <subfield code="l">0</subfield>
    <subfield code="o">D65,8(B) R5;9</subfield>
    <subfield code="p">FT1793561</subfield>
    <subfield code="r">2026-04-13 00:00:00</subfield>
    <subfield code="v">625.00</subfield>
    <subfield code="w">2026-04-13</subfield>
    <subfield code="y">TEXL</subfield>
  </datafield>
</record>
